000 00678nam a2200145Ia 4500
001 14742
003 GE_BSU
008 181216s||||||||xx |||||||||||||| ||und||
040 _cGE_BSU
245 _aგადასახადები.№7,ივლისი 2014.
245 _bსამეცნიერო-პრაქტიკული ჟურნალი
245 _cმთ.რედ.დავით ჯალაღონია,პასუხისმგებელი,მდივანი:მერინე ჯალაღონია,რედ:მადონა გელაშვილი და სხვ.
653 _aპერიოდიკა
942 _cCR
999 _c47866
_d47866